The Nissan enigma : Flexibility at work in a local economy
Gorde:
| Egile nagusia: | |
|---|---|
| Formatua: | Liburua |
| Hizkuntza: | Undetermined |
| Argitaratua: |
London
Mansell
1992
|
| Gaiak: | |
| Etiketak: |
Etiketa erantsi
Etiketarik gabe, Izan zaitez lehena erregistro honi etiketa jartzen!
|
| Thư viện lưu trữ: | Trung tâm Học liệu Trường Đại học Cần Thơ |
|---|
| LEADER | 00616nam a2200205Ia 4500 | ||
|---|---|---|---|
| 001 | CTU_96298 | ||
| 008 | 210402s9999 xx 000 0 und d | ||
| 082 | |a 338.4 | ||
| 082 | |b G238 | ||
| 100 | |a Garrahan, Philip | ||
| 245 | 4 | |a The Nissan enigma : | |
| 245 | 0 | |b Flexibility at work in a local economy | |
| 245 | 0 | |c Philip Garrahan, Paul Stewart | |
| 260 | |a London | ||
| 260 | |b Mansell | ||
| 260 | |c 1992 | ||
| 650 | |a Automobile industry and trade,Nissan motor manufacturing | ||
| 650 | |x Management,Automobile industry and trade | ||
| 904 | |i Ngoc | ||
| 980 | |a Trung tâm Học liệu Trường Đại học Cần Thơ | ||